000 00658cam a2200265 4500
008 090401t1987 xxu||||| |||| 00| 0 eng d
020 _a0198285515
035 _a(Sirsi) u63420
041 _aeng
050 _a711.52
100 _aMorison, Hugh
245 4 _aThe regeneration of local economies
260 _aOxford
_bClarendon Press
_c1987
300 _aviii,212p. ; 22cm.
350 _a22.5
650 _aECONOMIC REGENERATION
650 _aEMPLOYMENT
650 _aENTERPRISE ZONES
650 _aINNER CITIES
650 _aINNER CITY REDEVELOPMENT
650 _aMERSEYSIDE
650 _aSCOTLAND
942 _n0
948 _c04/03/1997
999 _c94557
_d94557